00242nam a22001097a 4500008004100000082001100041245003800052260000900090300001000099440001500109760000800124180806b xxu||||| |||| 00| 0 eng d a813.52 aPhysical ExaminationcBickley,L.S c2005 a1fCD x0781760909 b4th